<?xml version="1.0" encoding="UTF-8"?>
<record
    xmlns:xsi="http://www.w3.org/2001/XMLSchema-instance"
    xsi:schemaLocation="http://www.loc.gov/MARC21/slim http://www.loc.gov/standards/marcxml/schema/MARC21slim.xsd"
    xmlns="http://www.loc.gov/MARC21/slim">

  <leader>00757nam a2200229 a 4500</leader>
  <controlfield tag="001">000022185</controlfield>
  <controlfield tag="005">20200120222053.0</controlfield>
  <controlfield tag="008">030204s1998    vena   gr0          000 d</controlfield>
  <datafield tag="020" ind1=" " ind2=" ">
    <subfield code="a">980-257-208-X</subfield>
  </datafield>
  <datafield tag="090" ind1=" " ind2=" ">
    <subfield code="a">A</subfield>
    <subfield code="b">KONb</subfield>
  </datafield>
  <datafield tag="100" ind1="0" ind2=" ">
    <subfield code="a">Konigslow, Andrea Wayne Von</subfield>
  </datafield>
  <datafield tag="245" ind1="1" ind2="0">
    <subfield code="a">En el ba&#xF1;o /</subfield>
    <subfield code="c">Andrea Wayne Von Konigslow; traducci&#xF3;n : Clarisa de la Rosa.</subfield>
  </datafield>
  <datafield tag="260" ind1=" " ind2=" ">
    <subfield code="a">Caracas :</subfield>
    <subfield code="b">Ekar&#xE9;,</subfield>
    <subfield code="c">1998.</subfield>
  </datafield>
  <datafield tag="300" ind1=" " ind2=" ">
    <subfield code="a">[24p.] : il., col.</subfield>
  </datafield>
  <datafield tag="490" ind1=" " ind2="3">
    <subfield code="a">El jard&#xED;n de los ni&#xF1;os</subfield>
  </datafield>
  <datafield tag="500" ind1=" " ind2=" ">
    <subfield code="a">Ej.1 a Ej.3 de Marichuela donados por la Secretar&#xED;a de Educaci&#xF3;n de Bogot&#xE1;</subfield>
  </datafield>
  <datafield tag="500" ind1=" " ind2=" ">
    <subfield code="a">Ej1 colegio mosquera con ISBN:9789802572083</subfield>
  </datafield>
  <datafield tag="517" ind1=" " ind2=" ">
    <subfield code="a">Toilet tales</subfield>
  </datafield>
  <datafield tag="650" ind1="1" ind2="4">
    <subfield code="a">ALBUM INFANTIL</subfield>
  </datafield>
  <datafield tag="650" ind1="1" ind2="4">
    <subfield code="a">LITERATURA INFANTIL</subfield>
  </datafield>
  <datafield tag="700" ind1="1" ind2=" ">
    <subfield code="a">Rosa, Clarisa de la, tr.</subfield>
  </datafield>
  <datafield tag="999" ind1=" " ind2=" ">
    <subfield code="c">1272</subfield>
    <subfield code="d">1272</subfield>
  </datafield>
  <datafield tag="952" ind1=" " ind2=" ">
    <subfield code="0">0</subfield>
    <subfield code="1">0</subfield>
    <subfield code="2">ddc</subfield>
    <subfield code="4">0</subfield>
    <subfield code="7">0</subfield>
    <subfield code="8">LI</subfield>
    <subfield code="a">BPMOS</subfield>
    <subfield code="b">BPMOS</subfield>
    <subfield code="d">2020-01-20</subfield>
    <subfield code="l">0</subfield>
    <subfield code="o">AKONb</subfield>
    <subfield code="p">MOS006086</subfield>
    <subfield code="p">MS</subfield>
    <subfield code="r">2020-01-20</subfield>
    <subfield code="t">ej.1</subfield>
    <subfield code="w">2020-01-20</subfield>
    <subfield code="y">BK</subfield>
    <subfield code="z">Pr&#xE9;stamo en sala</subfield>
  </datafield>
</record>
